MARC

LEADER 00000nam0a2200000 4500
001 337596
005 20231102004951.0
035 |a (RuTPU)RU\TPU\book\364084 
090 |a 337596 
100 |a 20171109d1975 km y0rusy50 ca 
101 0 |a rus 
102 |a RU 
105 |a a z 001zy 
200 1 |a Гидравлические следящие приводы станков с программным управлением  |f В. А. Лещенко 
210 |a Москва  |c Машиностроение  |d 1975 
215 |a 288 с.  |c ил. 
320 |a Библиогр.: с. 286-288 
606 1 |a Металлорежущие станки с программным управлением  |x Электроприводы следящие регулируемые  |x Гидравлические приводы  |2 stltpush  |3 (RuTPU)RU\TPU\subj\42702  |9 62360 
610 1 |a ЧПУ 
610 1 |a действие 
610 1 |a схемы 
610 1 |a дроссельное регулирование 
610 1 |a золотниковые устройства 
610 1 |a усиление 
610 1 |a силовые элементы 
610 1 |a одноконтурные системы 
610 1 |a точность 
610 1 |a устойчивость 
610 1 |a свойства 
610 1 |a безредукторные приводы 
675 |a 621.9.06-529-2  |v 4 
700 1 |a Лещенко  |b В. А.  |g Виктор Андреевич 
801 1 |a RU  |b 63413507  |c 20171109 
801 2 |a RU  |b 63413507  |c 20181023  |g RCR 
942 |c BK